| 000 | 01568cam a2200337 i 4500 | ||
|---|---|---|---|
| 001 | 768714001 | ||
| 003 | CO-MdFUSB | ||
| 005 | 20220406125413.0 | ||
| 007 | ta | ||
| 008 | 961210t1997 inu b 001 0 eng | ||
| 020 | _a1575060167 | ||
| 040 |
_aDLC _cCO-MdFUSB _dBAKER _dYDXCP _dBTCTA _bspa _erda |
||
| 041 | 1 |
_aeng _hheb |
|
| 082 |
_223 _a224.206 _bL962 |
||
| 100 | 1 |
_aLundbom, Jack R. _eautor |
|
| 245 | 1 | 0 |
_aJeremiah : _ba study in ancient Hebrew rhetoric _c/ Jack R. Lundbom. |
| 250 | _asegunda edición | ||
| 264 | 1 |
_aWinona Lake, Ind. : _bEisenbrauns, _c[1997] |
|
| 264 | 4 | _c© 1997 | |
| 300 |
_a212 páginas ; _c23 cm. |
||
| 336 |
_2rdacontent _atexto _btxt |
||
| 337 |
_2rdamedia _asin mediación _bn |
||
| 338 |
_2rdacarrier _avolumen _bnc |
||
| 504 | _aIncluye referencias bibliográficas (p. 165-202) e índices. | ||
| 505 | _aCapítulo 1: Introducción Llamado a la crítica retórica Encuesta de la crítica literaria anterior Esquema del presente estudio Capítulo 2: Incluso en el libro más grande de Jeremías Incluso en los poemas de Jeremías. -- Incluso dentro de los Poemas Jeremías Capítulo 3: Quiasmo Quiasmo dentro de los Poemas Jeremías. -- Poemas Quísticos en Jeremías. -- Quiasmo en el Libro Mayor de Jeremías. -- Capítulo 4: Conclusión. -- La Retórica de Jeremías. -- La Retórica del Libro de Jeremías. -- Apéndice: Exergasia Sacra de Christian Schoettgen. | ||
| 563 | _aRústico | ||
| 630 | 7 |
_aBiblia. _pJeremías _xCrítica, interpretación, etc. |
|
| 942 | _cBK | ||
| 945 | _aJTF-925 | ||
| 999 |
_c67398 _d67398 |
||